000 00381cam a2200145ua 4500
041 _aeng
_h
082 _a241
_bNEA/PR
100 _aNeall, Beatrice Short .
245 _aPrince and the rebel /
_cBeatrice Short Neall.
_hTextual Documents
260 _aPoona :
_bOriental Watchman Publishing House ,
_c1964.
300 _a171.
504 _a
942 _cBK
999 _c4880
_d4880